000 00377nam a2200145Ia 4500
008 150301s2013 xx 000 0 und d
082 _a617
_bP13K
100 _aKAMAT, SHAILA S.
245 _aPRACTICAL APPLICATION OF INTRAVENOUS FLUIDS IN SURGICAL PATIENT
250 _a1ST
260 _bJAYPEE
_aDELHI
_c2013
300 _a283
650 _aGENERAL SURGERY
942 _2ddc
_cBK
999 _c6554
_d6554